Определение местоположения дельфинов космической системы "Надежда"; Современные технологии автоматизации; № 3

Podrobná bibliografie
Parent link:Современные технологии автоматизации: производственно-технический журнал.— , 2000-.— 0206-975X
№ 3.— 2002.— С. 60-65
Hlavní autor: Рогальский В. Владислав
Další autoři: Дедов Н. Николай, Подъячев В. Вадим
Jazyk:ruština
Vydáno: 2002
Edice:Разработки
Témata:
Médium: MixedMaterials Kapitola
KOHA link:https://koha.lib.tpu.ru/cgi-bin/koha/opac-detail.pl?biblionumber=383995

MARC

LEADER 00000naa2a2200000 4500
001 383995
005 20231101063211.0
035 |a (RuTPU)RU\TPU\prd\10127 
090 |a 383995 
100 |a 20030128a2002 k y0rusy50 ca 
101 0 |a rus 
102 |a RU 
200 1 |a Определение местоположения дельфинов космической системы "Надежда"  |f В. Рогальский, Н. Дедов, В. Подъячев 
225 1 |a Разработки  |e Экология 
320 |a Библиогр.: 2 назв. 
461 1 |0 (RuTPU)RU\TPU\prd\1759  |x 0206-975X  |t Современные технологии автоматизации  |o производственно-технический журнал  |d 2000- 
463 1 |0 (RuTPU)RU\TPU\prd\7902  |t № 3  |v С. 60-65  |d 2002 
610 1 |a морские млекопитающие 
610 1 |a трассы перемещения 
610 1 |a спутниковые космические системы 
610 1 |a радиомаяки 
610 1 |a радиопередатчики 
700 1 |a Рогальский  |b В.  |g Владислав 
701 1 |a Дедов  |b Н.  |g Николай 
701 1 |a Подъячев  |b В.  |g Вадим 
801 1 |a RU  |b 63413507  |c 20030128  |g PSBO 
801 2 |a RU  |b 63413507  |c 20131217  |g RCR 
942 |c BK